000
00219nam a2200097Ia 4500
005
20251222114402.0
008
251222s1900||||xx |||||||||||||| ||spa||
082
_a
DVD0010/K96/1954
245
0
_a
Los 7 Samurais
942
_c
DVD
999
_c
1676
_d
1676